000 00625nam a22002057a 4500
003 OSt
005 20250708083849.0
008 250708b |||||||| |||| 00| 0 eng d
020 _a0751305448
040 _aDWCL - Main lib
_cOC
082 _aGR. 635.7 B784G 1998
100 _aBown Deni
245 _a Garden herbs/
_cBown Deni
260 _aLondon :
_bDorling Kindersley,
_cc1998.
300 _a176 pages :
_b illustrations (chiefly color) ;
_c22 cm.
504 _aIncludes index.
650 _a1. Herb gardening--Handbooks,manuals,etc.
650 _a2. Herbs--Handbooks,manuals,etc.
942 _2ddc
_cBK-GR
_kGR.
_n0
999 _c3479
_d3479